|
|
|
|
| LEADER |
01351nam a2200277 a 4500 |
| 001 |
GR-Antirio995 |
| 008 |
140603s2008 ne g 000 0 eng d |
| 020 |
|
|
|a 9780750685399
|q (pbk.)
|
| 040 |
|
|
|a GrPaTEI
|b gre
|c GR-PaULI
|
| 040 |
|
|
|a GrPaTEI
|b gre
|c GR-PaULI
|
| 082 |
|
0 |
|a 004.35
|2 22
|
| 100 |
1 |
|
|a Domeika, Max
|
| 245 |
1 |
0 |
|a Software development for embedded multi-core systems :
|b a practical guide using embedded intel architecture /
|c Max Domeika.
|
| 260 |
|
|
|a Amsterdam :
|b Elsevier / Newnes,
|c 2008
|
| 300 |
|
|
|a xiv, 420 σ. :
|b εικ.
|
| 500 |
|
|
|a Περιλαμβάνει ευρετήριο και γλωσσάριο.
|
| 650 |
|
0 |
|a Computer sofware
|x Development
|
| 650 |
|
0 |
|a Electronic data processing
|x Distributed processing
|
| 650 |
|
0 |
|a Embedded computer systems
|
| 650 |
|
0 |
|a Multiprocessors
|
| 710 |
0 |
|
|a Elsevier / Newnes
|
| 942 |
|
|
|2 ddc
|
| 952 |
|
|
|0 0
|1 0
|2 ddc
|4 0
|6 004_350000000000000_DOM
|7 0
|9 262623
|a LISK-2
|b LISK-2
|c BSC
|d 2021-01-17
|e 24
|f 0
|g 0.00
|l 0
|o 004.35 DOM
|p 2430000007997
|r 2021-01-17 00:00:00
|t 1
|w 2021-01-17
|y BK15
|x 20140603 0 ΧΑΣΑΝΗ 1
|x GrPaTEI - Antirrio
|
| 952 |
|
|
|0 0
|1 0
|2 ddc
|4 0
|6 004_350000000000000_DOM
|7 0
|9 262624
|a LISK-2
|b LISK-2
|c BSC
|d 2021-01-17
|e 24
|f 0
|g 0.00
|l 0
|o 004.35 DOM
|p 99243000007996
|r 2021-01-17 00:00:00
|t 1
|w 2021-01-17
|y BK15
|x GrPaTEI - Antirrio
|
| 971 |
|
|
|a .b25707942
|b 15-04-20
|c 12-09-16
|
| 999 |
|
|
|c 151353
|d 151353
|